|
|
|
|
| LEADER |
00615cam a2200169 7i4500 |
| 001 |
0000005388 |
| 005 |
19991025090000.0 |
| 002 |
##000007019 |
| 020 |
0 |
0 |
|a 983-99703-6-4
|
| 090 |
0 |
0 |
|a M 338
|b SEC
|
| 245 |
1 |
0 |
|a Second industrial master plan 1996-2005 :
|b executive summary.
|
| 260 |
0 |
0 |
|a Kuala Lumpur:
|b Ministry of International Trade and Industry Malaysia,
|c 1996.
|
| 300 |
0 |
0 |
|a 51 p..
|
| 650 |
0 |
0 |
|a Industrialization
|
| 999 |
|
|
|a 0000008056
|b Book
|c Open shelf
|e Business Information Centre
|
| 999 |
|
|
|a 0000008055
|b Book
|c Open shelf
|e Business Information Centre
|
| 999 |
|
|
|a 0000008054
|b Book
|c Open shelf
|e Business Information Centre
|